Countries by population in 1500 - Statistics

General Stats
  • This quiz has been taken 54 times
  • The average score is 7 of 10
Answer Stats
Population Country % % Correct
60,000,000–103,000,000 Ming China 23.5
100%
10,526,000 Bengal Sultanate 2.4
88%
55,000,000 Delhi Sultanate 12.6
88%
16,250,000 France and possessions 3.7
87%
12,640,000 Ottoman Empire 2.8
79%
9,800,000 Ashikaga Japan 2.2
73%
23,000,000 Holy Roman Empire 5.3
63%
9,000,000 Joseon 2.1
50%
12-32,000,000 Inca Empire 4.6
38%
18,000,000 Vijayanagara Empire 4.1
2%
No matching quizzes found
Score Distribution
Percent of People with Each Score
Percentile by Number Answered
Your Score History
You have not taken this quiz